كتاب الدين والدولة في إثبات نبوة النبي محمد صلى الله عليه وسلم ;; kitab aldiyn waldawlat fi 'iithbat nubuat alnabii muhamad salaa allah ealayh wasalam / (Record no. 78842)
[ view plain ]
| 000 -LEADER | |
|---|---|
| fixed length control field | 01099nam a22002057a 4500 |
| 001 - CONTROL NUMBER | |
| control field | 78842 |
| 003 - CONTROL NUMBER IDENTIFIER | |
| rucl marc code | BD-RjUL |
| 005 - DATE AND TIME OF LATEST TRANSACTION | |
| control field | 20211209083159.0 |
| 008 - FIXED-LENGTH DATA ELEMENTS--GENERAL INFORMATION | |
| fixed length control field | 211121s19231342le ||||| |||| 00| 0 ara d |
| 035 ## - SYSTEM CONTROL NUMBER | |
| System control number | (BD-RjUL)79069 |
| 040 ## - CATALOGING SOURCE | |
| Original cataloging agency | BD-RjUL |
| Language of cataloging | eng |
| Transcribing agency | BD-RjUL |
| 041 ## - LANGUAGE CODE | |
| Language code of text/sound track or separate title | eng |
| 082 ## - DEWEY DECIMAL CLASSIFICATION NUMBER | |
| Edition number | 23 |
| Classification number | 962 |
| Author mark and year | TAK 1923 |
| 245 10 - TITLE STATEMENT | |
| Title | كتاب الدين والدولة في إثبات نبوة النبي محمد صلى الله عليه وسلم ;; kitab aldiyn waldawlat fi 'iithbat nubuat alnabii muhamad salaa allah ealayh wasalam / |
| Statement of responsibility, etc. | تأليف علي بن ربن الطبري، ومساعدة جعفر الإمام المتوكل على الله ؛ اعتنى بطبعه وتصحيحه وترجمته إلى اللغة الإنكليزية أ. منفانة.;; talif ealiin bin rabin altabri, wamusaeadat jaefar al'iimam almutawakil ealaa allah ; aetanaa bitabeih watashihih watarjamatih 'iilaa allughat al'iinkiliziat 'a. minfanatun. |
| 260 ## - PUBLICATION, DISTRIBUTION, ETC. (IMPRINT) | |
| Place of publication, distribution, etc. | Misr : |
| Name of publisher, distributor, etc. | tabaat fi misr, |
| Date of publication, distribution, etc. | 1923 |
| 300 ## - PHYSICAL DESCRIPTION | |
| Pagination | 144 cm |
| Size | 24 cm |
| 650 ## - SUBJECT ADDED ENTRY--TOPICAL TERM | |
| Topical term or geographic name as entry element | Egypt |
| 9 (RLIN) | 250283 |
| Topical term or geographic name as entry element | Politics and government |
| 9 (RLIN) | 250284 |
| 942 ## - ADDED ENTRY ELEMENTS (KOHA) | |
| Source of classification or shelving scheme | Dewey Decimal Classification |
| Koha item type | Books |
| Lost status | Source of classification or shelving scheme | Damaged status | Not for loan | Collection code | Permanent Location | Current Location | Shelving location | Date acquired | Total Checkouts | Full call number | Date last seen | Copy number | Koha item type |
|---|---|---|---|---|---|---|---|---|---|---|---|---|---|
| Dewey Decimal Classification | Not For Loan | Non-fiction | Central Library, University of Rajshahi | Central Library, University of Rajshahi | Reading Room | 21/11/2021 | A 962 TAK 1923 | 21/11/2021 | C-1 | Books |